LIBRARY & INFORMATION CENTRE, KCAET, TAVANUR

ONLINE PUBLIC ACCESS CATALOGUE (OPAC)

Normal view MARC view
  • Agrawal, Nitish .

Entry Personal Name

Number of records used in: 1

001 - CONTROL NUMBER

  • control field: 746

003 - CONTROL NUMBER IDENTIFIER

  • control field: OSt

005 - DATE AND TIME OF LATEST TRANSACTION

  • control field: 20160702143410.0

008 - FIXED-LENGTH DATA ELEMENTS

  • fixed length control field: 160702|| aca||aabn | a|a d

040 ## - CATALOGING SOURCE

  • Original cataloging agency: OSt
  • Transcribing agency: OSt

100 ## - HEADING--PERSONAL NAME

  • Personal name: Agrawal, Nitish .

670 ## - SOURCE DATA FOUND

  • Source citation: Work cat.: (OSt)13378: Agrawal, Nitish ., Digital Cataloguing and Classification, 2006.
free website counter